Geografia 3 - Statistics

Estatísticas Gerais
  • Esse quiz foi jogado 45 vezes
  • A pontuação média é 3 de 13
Estatísticas das Respostas
Hint Resposta % Correto
Com que aparelho medimos a temperatura? Termómetro
100%
Com que aparelho medimos a precipitação? Pluviómetro
46%
Com que aparelho medimos a pressão atmosférica? Barómetro
34%
Qual o nome da frente onde o ar quente sobe de forma rápida e existe precipitação intensa do tipo de aguaceiros? Frente fria
32%
Qual o nome da frente onde o ar quente sobe lentamente e origina precipitação contínua e de longa duração? Frente quente
27%
Qual o nome que é dado á força (peso) que os gases que compõem a atmosfera exercem na superfície terrestre? Pressão atmosférica
24%
Que nome se dá ás chuvas em que o ar sobe ao longo das vertentes das montanhas? Chuvas orográficas
12%
Com que aparelho medimos o vento? Anemómetro
5%
Com que aparelho medimos a humidade? Higrómetro
5%
Qual o movimento que faz com que a temperatura varie ao longo do dia? Rotação da Terra
5%
Que nome se dá ás chuvas em que o ar sobe devido ao seu aquecimento após o contato com uma superfície mais quentes? Chuvas convetivas
2%
Que nome se dá ás chuvas que resultam do contato entre duas massas de ar diferentes? Chuvas frontais
2%
Como a pressão atmosférica é apresentada no mapa? Isóbaras
2%
Nenhum quiz correspondente encontrado
Distribuição das Pontuações
Porcentagem de Pessoas com Cada Pontuação
Percentil de Números Respondidos
Sua Pontuação Histórica
Você não jogou esse quiz